Tensors for data processing: theory, methods and applications (Record no. 754921)

MARC details
000 -LEADER
fixed length control field 00400nam a22001457a 4500
020 ## - INTERNATIONAL STANDARD BOOK NUMBER
ISBN 9780128244470
245 ## - TITLE STATEMENT
Title Tensors for data processing: theory, methods and applications
260 ## - PUBLICATION, DISTRIBUTION, ETC. (IMPRINT)
Place of publication London
Name of publisher Academic press
Year of publication 2022
300 ## - PHYSICAL DESCRIPTION
Number of Pages xix+576
650 ## - SUBJECT ADDED ENTRY--TOPICAL TERM
Topical Term Neuroimaging
650 ## - SUBJECT ADDED ENTRY--TOPICAL TERM
Topical Term Computation
700 ## - ADDED ENTRY--PERSONAL NAME
Personal name Liu, Yipeng (Editor)
942 ## - ADDED ENTRY ELEMENTS (KOHA)
Source of classification or shelving scheme Dewey Decimal Classification
Koha item type Book
Holdings
Withdrawn status Lost status Source of classification or shelving scheme Damaged status Not for loan Collection code Home Library Current Location Shelving location Date acquired Source of acquisition Cost, normal purchase price Full call number Accession Number Price effective from Koha item type
    Dewey Decimal Classification     Gift or donation Dept. of Mathematics Dept. of Mathematics General Stacks 08/01/2026 Donated by Dr. Krishna Kumar G on the completion of SERB sponsored project (UO. No: Ad.F1/1373/2021 dated 22/01/2024) 11042.40 515.63 LIU/T MATG229 09/01/2026 Book